Learning how to learn : applied theory for adults /
This book is divided into three parts: Theoretical bases; Developing learning skills and understandings; and Providing training: Helping others learn how to learn.
Na minha lista:
| Autor principal: | |
|---|---|
| Formato: | Livro |
| Idioma: | English |
| Publicado em: |
Milton Keynes :
Open University Press,
1984.
|
| Assuntos: | |
| Tags: |
Adicionar Tag
Sem tags, seja o primeiro a adicionar uma tag!
|
| Thư viện lưu trữ: | Mạng thư viện Đại học Đà Nẵng |
|---|
| LEADER | 01043cam a2200337 i 4500 | ||
|---|---|---|---|
| 001 | 000049057 | ||
| 003 | 8785 | ||
| 005 | 20030325153611.0 | ||
| 008 | 010323|1984 vm 000 eng | ||
| 020 | |a 0335105858 | ||
| 040 | |a IRC |c IRC |d IRC | ||
| 041 | 0 | |a eng | |
| 082 | 1 | 4 | |a 153.15 |b SM-R |
| 100 | 1 | |a Smith, Robert M. |q (Robert McCaughan), |d 1925- | |
| 245 | 0 | 0 | |a Learning how to learn : |b applied theory for adults / |c Robert M. Smith. |
| 260 | |a Milton Keynes : |b Open University Press, |c 1984. | ||
| 300 | |a 200 p. ; |c 21.5cm. | ||
| 520 | 3 | |a This book is divided into three parts: Theoretical bases; Developing learning skills and understandings; and Providing training: Helping others learn how to learn. | |
| 630 | 0 | 4 | |a Learning. |
| 630 | 0 | 4 | |a Psychology of. |
| 650 | 0 | 4 | |a Learning, Psychology of. |
| OWN | |a DUT | ||
| 999 | |a From the UDN01 | ||
| TYP | |a Monograph | ||
| TYP | |a Printed language | ||
| 980 | |a Mạng thư viện Đại học Đà Nẵng | ||


